Statistics for Lönd Heimsins

Click here to take the quiz!

General Stats

  • This quiz has been taken 109 times
  • The average score is 63 of 196

Answer Stats

Country % Correct
Ísland
89%
Kanada
58%
Japan
58%
Írland
58%
Perú
55%
Mexíkó
55%
Mongólía
55%
Ítalía
53%
Argentína
52%
Portúgal
52%
Bólivía
50%
Síle
50%
Óman
50%
Kína
48%
Íran
48%
Madagaskar
48%
Indónesía
48%
Panama
48%
Kúba
47%
Pakistan
47%
Nepal
47%
Írak
47%
Vietnam
47%
Hondúras
45%
Srí Lanka
45%
Súdan
45%
Malí
45%
Laos
45%
Haítí
45%
Marokkó
44%
Austur-Kongó
44%
Kasakstan
44%
Afganistan
44%
Vestur-Kongó
44%
Úsbekistan
44%
Brasília
42%
Jemen
42%
Ísrael
42%
Lúxemborg
42%
Níger
42%
Súrinam
42%
Rússland
42%
Serbía
42%
Senegal
41%
Slóvakía
41%
Angóla
41%
Kiribatí
41%
Bangladess
41%
Sómalía
41%
El Salvador
41%
Malta
41%
Nígería
41%
Búrma
41%
Slóvenía
41%
Bútan
39%
Erítrea
39%
Armenía
39%
San Marinó
39%
Finnland
39%
Túnis
39%
Sambia
38%
Kólumbia
38%
Túvalú
38%
Kenýa
38%
Brúnei
38%
Túrkmenistan
38%
Albanía
38%
Samóa
38%
Palá
38%
Malaví
38%
Tógó
38%
Moldóva
38%
Benín
38%
Namibía
38%
Bosnía og
Hersegóvína
38%
Króatia
38%
Líbería
36%
Vanúatú
36%
Vatíkanið
36%
Suður-Kórea
36%
Suður-Afríka
36%
Líbýa
36%
Georgía
36%
Gabon
36%
Andorra
36%
Eþíópía
36%
Belgía
34%
Gambía
34%
Búrkína Fasó
34%
Tonga
34%
Grenada
34%
Norður-Kórea
34%
Liechtenstein
34%
Úganda
34%
Dóminíka
34%
Síerra Leóne
34%
Frakkland
33%
Rúanda
33%
Mósambík
33%
Katar
33%
Búlgaría
33%
Úkraína
33%
Gana
33%
Jamaíka
33%
Taíland
33%
Bandaríkin
33%
Barbados
33%
Noregur
31%
Danmörk
31%
Pólland
31%
Belís
31%
Kosóvó
31%
Ekvador
31%
Kambódía
31%
Trínidad og Tóbagó
31%
Búrúndí
31%
Tansanía
31%
Makedónía
31%
Kamerún
31%
Kosta Ríka
30%
Ástralía
30%
Simbabve
30%
Mónakó
30%
Þýskaland
30%
Lettland
30%
Lesótó
30%
Malasía
28%
Botsvana
28%
Venesúela
28%
Jórdanía
28%
Kirgistan
28%
Spánn
28%
Svíþjóð
28%
Indland
27%
Míkrónesía
27%
Gvatemala
27%
Bretland
27%
Líbanon
27%
Suður-Súdan
25%
Holland
25%
Níkaragva
25%
Gínea
23%
Eistland
23%
Austurríki
23%
Litháen
23%
Filippseyjar
22%
Salómonseyjar
22%
Rúmenía
22%
Egyptaland
22%
Saó Tóme og Prinsípe
22%
Kýpur
22%
Sviss
20%
Grikkland
20%
Papúa Nýja-Gínea
20%
Tékkland
20%
Nýja-Sjáland
20%
Svartfjallaland
20%
Marshalleyjar
20%
Sádí-Arabía
20%
Singapúr
20%
Barein
19%
Tyrkland
19%
Kúveit
19%
Alsír
19%
Gínea-Bissá
19%
Bahamaeyjar
19%
Seychelleseyjar
19%
Svasíland
17%
Antígva og Barbúda
17%
Hvíta-Rússland
17%
Nárú
17%
Sýrland
16%
Paragvæ
16%
Ungverjaland
16%
Úrúgvæ
14%
Austur-Tímor
14%
Sameinuðu Arabísku
Furstadæmin
14%
Aserbaídsjan
13%
Máritanía
13%
Grænhöfðaeyjar
13%
Máritíus
13%
Gvæjana
13%
Fílabeinsströndin
11%
Maldíveyjar
11%
Djíbútí
11%
Tadsjikistan
9%
Tævan
9%
Mið-Afríkulýðveldið
9%
Tsjad
9%
Fídjieyjar
9%
Kómoreyjar
8%
Sankti Lúsía
8%
Miðbaugs-Gínea
6%
Dóminíska Lyðveldið
6%
Sankti Vinsent og
Grenadíneyjar
5%
Sankti Kristófer og
Nevis
5%

Score Distribution

Percentile by Number Answered

Percent of People with Each Score

Your Score History

You have not taken this quiz